[Event "Quebec-ch U12"]
[Site "Montreal"]
[Date "2009.11.28"]
[Round "2"]
[White "Samikov, Chingis"]
[Black "Nazarian, Ara"]
[Result "0-1"]
[WhiteElo "1098"]
[BlackElo "1183"]
[PlyCount "170"]
[EventDate "2009.11.27"]
[EventType "swiss"]
[EventRounds "5"]
[EventCountry "CAN"]
[SourceTitle "EXT 2011"]
[Source "ChessBase"]
[SourceDate "2010.11.26"]
[SourceVersion "1"]
[SourceVersionDate "2010.11.26"]
[SourceQuality "1"]

1. e4 e5 2. Nf3 Nc6 3. Bb5 a6 4. Ba4 b5 5. Bb3 Bb7 6. c3 d6 7. 0-0 Be7 8. Re1 Nf6 9. Bc2 Nd7 10. d4 Bf6 11. d5 Ne7 12. Be3 Nb6 13. Bxb6 cxb6 14. Nbd2 g5 15. h3 h5 16. Nh2 Bc8 17. Re3 Ng6 18. a4 Bd7 19. axb5 axb5 20. Rxa8 Qxa8 21. Re1 Nf4 22. Qa1 Qc8 23. Re3 g4 24. hxg4 hxg4 25. g3 Nh3+ 26. Kg2 Nxf2 27. Qf1 Bg5 28. Qxf2 Bxe3 29. Qxe3 Qc5 30. Qxc5 bxc5 31. Nhf1 Ke7 32. c4 b4 33. b3 Ra8 34. Kf2 Kf6 35. Ke2 Kg5 36. Ne3 Ra2 37. Kd1 Ra1+ 38. Nb1 Ra2 39. Kc1 f6 40. Kd1 Ra8 41. Nd2 Rf8 42. Ke2 Be8 43. Kd1 Bg6 44. Ke2 Rh8 45. Ndf1 Rh3 46. Kd1 Rh1 47. Ke2 Rh7 48. Kd1 Rh1 49. Ke2 Rg1 50. Kf2 Rh1 51. Ke2 Rh8 52. Kd1 Ra8 53. Nd2 Ra2 54. Nb1 Rxc2 55. Kxc2 Bxe4+ 56. Kc1 Bxb1 57. Kxb1 f5 58. Kc2 f4 59. gxf4+ exf4 60. Nxg4 Kxg4 61. Kd1 f3 62. Ke1 Kf4 63. Kf1 Ke3 64. Ke1 f2+ 65. Kf1 Kd3 66. Kxf2 Kc3 67. Ke2 Kxb3 68. Kd3 Ka4 69. Kc2 b3+ 70. Kb1 Kb4 71. Kb2 Kxc4 72. Kb1 Kxd5 73. Kb2 c4 74. Kc3 Ke4 75. Kb2 d5 76. Kb1 d4 77. Kc1 c3 78. Kd1 b2 79. Kc2 d3+ 80. Kxc3 b1Q 81. Kc4 Qc2+ 82. Kb5 d2 83. Kb6 d1Q 84. Kb7 Qdb1+ 85. Ka8 Qca2# 0-1